Normal view MARC view

Entry Nome pessoal

Number of records used in: 4

001 - NÚMERO DE CONTROLE

  • campo de controle: 315

003 - IDENTIFICADOR DO NÚMERO DE CONTROLE

  • campo de controle: Br

005 - DATA E HORÁRIO DA ÚLTIMA TRANSAÇÃO

  • campo de controle: 20250129153441.0

008 - CAMPO DE DADOS FIXOS

  • campo de controle de tamanho fixo: 170710 acnacab n a aaa

035 ## - NÚMERO DE CONTROLE DO SISTEMA

  • Número de Controle do Sistema: 2002071016123825med

040 ## - FONTE DA CATALOGAÇÃO

  • Instituição da catalogação original: BR-RjBN
  • Idioma da catalogação: por

100 1# - CABEÇALHO--NOME PESSOAL

  • Nome pessoal: Conrad, Joseph,
  • Datas associadas ao nome: 1857-1924

400 1# - REMISSIVA VER--NOME PESSOAL

  • Nome pessoal: Korzeniowiski, Joseph Conrad Theodor
  • Datas associadas ao nome: 1857-1924

400 1# - REMISSIVA VER--NOME PESSOAL

  • Nome pessoal: Theodor Korzeniowiski, Joseph Conrad
  • Datas associadas ao nome: 1857-1924

400 1# - REMISSIVA VER--NOME PESSOAL

  • Nome pessoal: Conrad-Korzeniowiski, Joseph
  • Datas associadas ao nome: 1857-1924

400 1# - REMISSIVA VER--NOME PESSOAL

  • Nome pessoal: Conrad, Józef
  • Datas associadas ao nome: 1857-1924

400 1# - REMISSIVA VER--NOME PESSOAL

  • Nome pessoal: Korzeniowiski,Teodor Józef Konrad
  • Datas associadas ao nome: 1857-1924

400 1# - REMISSIVA VER--NOME PESSOAL

  • Nome pessoal: Konrad Korzeniowiski,Teodor Józef
  • Datas associadas ao nome: 1857-1924

400 1# - REMISSIVA VER--NOME PESSOAL

  • Nome pessoal: Conrad
  • Datas associadas ao nome: 1857-1924

670 ## - FONTE POSITIVA DOS DADOS

  • Citação da fonte positiva dos dados: Autor de: Nostromo...c1926.

670 ## - FONTE POSITIVA DOS DADOS

  • Citação da fonte positiva dos dados: Bristol, Brian. Por que amamos ler?... 2008
  • Dados encontrados na fonte localizada no subcampo: (p.100: D.; romancista inglês)

670 ## - FONTE POSITIVA DOS DADOS

  • Citação da fonte positiva dos dados: LC auth. on line 9/7/02
  • Dados encontrados na fonte localizada no subcampo: (rem.; D.)

670 ## - FONTE POSITIVA DOS DADOS

  • Citação da fonte positiva dos dados: Mirador
  • Dados encontrados na fonte localizada no subcampo: (n.c.: Teodor Jósef Konrad Korzeniowski; romancista inglês de origem polonesa)

670 ## - FONTE POSITIVA DOS DADOS

  • Citação da fonte positiva dos dados: Seu: Coração das trevas. c2001.

670 ## - FONTE POSITIVA DOS DADOS

  • Citação da fonte positiva dos dados: https://pt.wikipedia.org/wiki/Joseph_Conrad
  • Dados encontrados na fonte localizada no subcampo: (Joseph Conrad, de nome de baptismo Józef Teodor Nalecz Korzeniowski nasceu Berdyczew, 3 de dezembro de 1857 e faleceu em Bishopbourne, em 3 de agosto de 1924, foi um escritor britânico de origem polaca. Conseguiu a nacionalidade britânica em 1884)

Powered by Koha